| 000 | 01078cam a2200289 a 4500 | ||
|---|---|---|---|
| 001 | 307 | ||
| 003 | BR-CuiBMT | ||
| 005 | 20231119203246.0 | ||
| 008 | 230928s2016 mgb 000 0 por d | ||
| 020 | _a9788545001485 | ||
| 040 |
_aBR-CuiBMT _cBR-CuiBMT |
||
| 080 |
_22007 _a342.8 |
||
| 090 |
_a342.8 _bC732 |
||
| 245 | 0 | 0 |
_aComentários à lei das eleições : _bLei n° 9.504/1997, de acordo com a Lei n° 13.165/2015 / _cCélia Regina de Lima Pinheiro, José Edvaldo Pereira Sales, Juliana Rodrigues Freitas, coordenadores. |
| 260 |
_aBelo Horizonte : _bFórum, _c2016. |
||
| 300 |
_a368 p. ; _c22 cm |
||
| 504 | _aInclui bibliografia. | ||
| 610 | 1 | 4 |
_aBrasil. _tLei n° 9.504, de 30 de setembro de 1997 |
| 610 | 1 | 4 |
_aBrasil. _tLei n° 13.165, de 29 de setembro de 2015 |
| 650 |
_aDireito eleitoral _zBrasil |
||
| 650 |
_aJustiça eleitoral _zBrasil |
||
| 650 |
_aEleições municipais _zBrasil |
||
| 700 | 1 |
_aPinheiro, Célia Regina de Lima _4coord. |
|
| 700 | 1 |
_aSales, José Edvaldo Pereira _4coord. |
|
| 700 | 1 |
_aFreitas, Juliana Rodrigues _4coord. |
|
| 942 |
_2udc _cLV |
||
| 999 |
_c307 _d307 |
||